00423nam a2200145 a 450000500170000000800410001702000180005805000230007610000210009924500710012026000320019130000090022344000240023265000210025620140412111429.0090226s19uu xx 00 eng d a0-439-83298-5 aTR(PS EbGr75 2006 aMaccarone, Grace aGraduation day is here! :cGrace Maccarone.bFirst-grade friends / aU.S.A :bScholastic,c2006. aunp. aScholastic reader 1 aStories in rhyme